Multiple Choice - General Knowledge 3 - Statistics

General Stats
  • This quiz has been taken 1,485 times
    1,332 since last reset
  • The average score is 7 of 20
Answer Stats
Question Answer % Correct
Which colour is at the top of a rainbow arch? Red
79%
Which animal is the odd one out? Capybara
67%
Vilnius is the capital city of which country? Lithuania
62%
Which of these European countries is the smallest in area? San Marino
49%
Which of these countries does NOT border Saudi Arabia? Syria
47%
Which of these US States does not border one of the five Great Lakes? Vermont
41%
Which of these 'Elements' is not named after a city? Nihonium
37%
Was Spencer Perceval ......? Only British Prime Minister to be assassinated in office:
37%
Georges Bizet the composer of 'Carmen' was born in which city? Paris
37%
Our Sun and most Stars exist in a stable state of nuclear fusion, mainly converting Hydrogen to which gas? Helium
33%
According to votes IMDB members (International Movie Data Base) the greatest movie of all time up to 2020 is? Shawshank Redemption
32%
Which of these US cities is NOT a State Capital? Albuquerque
31%
The nearest country to South Korea is of course North Korea, what is the second nearest? Japan
30%
Who created 'The Academy' in Athens famous for its philosophers: Plato
28%
Approximately how wide is the 'Red Sea' at its widest point? 350 km
27%
The famous painting 'The Laughing Cavalier' was painted by who? Frans Hals
27%
The River Rhine does NOT run through which of these cities? Liege
25%
Which of these commercially fished fish is the odd one out? Cod
21%
Which of these fruits has the least calories per 100 gm? Plum
18%
"Love all, trust a few, do wrong to none"...... is a quote from ? William Shakespeare
8%
No matching quizzes found
Score Distribution
Percent of People with Each Score
Percentile by Number Answered
Your Score History
You have not taken this quiz since the last reset